🇨🇭Stadtteile von Zürich🇨🇭 - Statistiken

Allgemein
  • Dieses Quiz wurde 158 mal gespielt
  • Das Durchschnittsergebnis liegt bei 14 aus 34
Antworten auf der Karte
Die Antworten werden auf der Karte rot bzw. grün angezeigt, abhängig davon wie oft sie richtig erraten wurden.
 
Antwortstatistiken
Stadtteile % Korrekt
Oerlikon
86%
Altstetten
73%
Höngg
66%
Affoltern
63%
Albisrieden
61%
Enge
61%
Seebach
61%
Wollishofen
57%
Hard
55%
Unterstrass
54%
Oberstrass
52%
Seefeld
50%
Wipkingen
48%
Witikon
48%
Leimbach
46%
Fluntern
44%
City
43%
Langstrasse
38%
Alt-Wiedikon
37%
Friesenberg
35%
Escher Wyss
33%
Hottingen
32%
Werd
32%
Lindenhof
31%
Gewerbeschule
30%
Sihlfeld
30%
Hirslanden
28%
Hochschulen
28%
Schwamendingen-Mitte
26%
Rathaus
24%
MĂĽhlebach
22%
Hirzenbach
21%
Weinegg
19%
Saatlen
16%
Keine ĂĽbereinstimmenden Quizze gefunden
Verteilung der Resultate
Anzahl Personen mit jedem Resultat
Perzentil nach korrekt beantworteten Fragen
Ihre Resultats-Entwicklung
Sie haben dieses Quiz noch nicht gespielt